La palabra y sus manifestaciones (Record no. 41174)

MARC details
000 -LEADER
campo de control de longitud fija 00820nam a2200205 i 4500
001 - NÚMERO DE CONTROL
campo de control 41174
003 - IDENTIFICADOR DE NÚMERO DE CONTROL
campo de control ES-MaACL
005 - FECHA Y HORA DE LA ÚLTIMA TRANSACCIÓN
campo de control 20250804063402.0
007 - CAMPO FIJO DE DESCRIPCIÓN FÍSICA--INFORMACIÓN GENERAL
campo de control de longitud fija t|
008 - DATOS DE LONGITUD FIJA--INFORMACIÓN GENERAL
campo de control de longitud fija 030310s1899 sp ||||1| spa d
080 ## - NÚMERO DE LA CLASIFICACIÓN DECIMAL UNIVERSAL
Número de la Clasificación Decimal Universal 316(091)
100 1# - ENTRADA PRINCIPAL--NOMBRE DE PERSONA
Nombre de persona Cascales Muñoz, José,
Fechas asociadas al nombre 1865-1933
9 (RLIN) 36269
245 13 - MENCIÓN DEL TÍTULO
Título La palabra y sus manifestaciones
Resto del título : origen y desarrollo del lenguaje articulado, de la escritura, de la imprenta, de la tipografía, del telégrafo, del teléfono y del fonógrafo /
Mención de responsabilidad, etc. José Cascales Muñoz ; con un prólogo de Ricardo Becerro de Bengoa.
260 ## - PUBLICACIÓN, DISTRIBUCIÓN, ETC.
Lugar de publicación, distribución, etc. Madrid :
Nombre del editor, distribuidor, etc. Bailly-Baillière,
Fecha de publicación, distribución, etc. 1899.
300 ## - DESCRIPCIÓN FÍSICA
Extensión 158 p. ;
Dimensiones 18 cm.
650 04 - PUNTO DE ACCESO ADICIONAL DE MATERIA--TÉRMINO DE MATERIA
Término de materia o nombre geográfico como elemento de entrada Comunicación-
Subdivisión de forma Historia.
9 (RLIN) 155173
700 1# - ENTRADA AGREGADA--NOMBRE PERSONAL
Nombre de persona Becerro de Bengoa, Ricardo,
Fechas asociadas al nombre 1845-1902
9 (RLIN) 26893
852 ## - LOCALIZACIÓN
Ubicación ES-MaACL
Número de control de estantería F-10373
Holdings
Estatus retirado Estado de pérdida Estado de daño No para préstamo Colección Biblioteca de origen Biblioteca actual Ubicación en estantería Fecha de adquisición Fuente de adquisición Total de préstamos Signatura topográfica completa Código de barras Visto por última vez Precio de reemplazo Tipo de ítem Koha
        Libros del s. XIX Biblioteca del Ateneo de Madrid Biblioteca del Ateneo de Madrid Sala Pecera Planta 2 17/01/2008     F-10373 1043348 23/02/2023 23/02/2023 Libro impreso antiguo